ՀՀ Գիտությունների ազգային ակադեմիայի հիմնարար գիտական գրադարան  =   Fundamental Scientific Library of NAS RA

Հասարակագիտություն : (Record no. 129438)

MARC details
000 -LEADER
fixed length control field 00921nam a2200193 u 4500
001 - CONTROL NUMBER
control field 000341135
003 - CONTROL NUMBER IDENTIFIER
control field AM-YeHGA
005 - DATE AND TIME OF LATEST TRANSACTION
control field 20250617131051.0
008 - FIXED-LENGTH DATA ELEMENTS--GENERAL INFORMATION
fixed length control field 031105s1974 ai r 000 0 arm d
040 ## - CATALOGING SOURCE
Original cataloging agency AM-YeHGA
041 1# - LANGUAGE CODE
Language code of text/sound track or separate title arm
090 ## - LOCALLY ASSIGNED LC-TYPE CALL NUMBER (OCLC); LOCAL CALL NUMBER (RLIN)
-- 130802
245 00 - TITLE STATEMENT
Title Հասարակագիտություն :
Remainder of title Դասագիրք պրոֆ.-տեխն. ուսումնարանների սովորողների համար /
Statement of responsibility, etc. Լ.Մ. Մինաև, Վ.Մ. Պոդոսետնիկ, Ա.Մ. Օմարով; Ի.Ա. Խլյաբիչ; ՍՍՀՄ Մինիստրների Սովետի պրոֆ.-տեխնիկ. կրթ. պետ. կոմիտե.
260 ## - PUBLICATION, DISTRIBUTION, ETC.
Place of publication, distribution, etc. Երևան :
Name of publisher, distributor, etc. Լույս,
Date of publication, distribution, etc. 1974.
300 ## - PHYSICAL DESCRIPTION
Extent 456 էջ :
Other physical details նկ., աղս. ;
Dimensions 22 սմ.
500 ## - GENERAL NOTE
General note Թարգմ. է ռուսերեն 1972թ. հրատարակությունից
650 14 - SUBJECT ADDED ENTRY--TOPICAL TERM
Topical term or geographic name entry element Հասարակագիտություն
Form subdivision Դասագիրք
700 1# - ADDED ENTRY--PERSONAL NAME
Personal name Խլյաբիչ, Ի.Ա.
Relator term խմբ.
Relationship edt
Holdings
Withdrawn status Lost status Damaged status Not for loan Collection Home library Current library Date acquired Total checkouts Full call number Barcode Date last seen Price effective from Koha item type Public note
        General Fundamental Scientific Library Fundamental Scientific Library 22/12/2016   301 220053612 22/12/2016 22/12/2016 Գրքեր / Books 30 Days Loan
        General Fundamental Scientific Library Fundamental Scientific Library 22/12/2016   301 220053613 22/12/2016 22/12/2016 Գրքեր / Books 30 Days Loan
        General Fundamental Scientific Library Fundamental Scientific Library 22/12/2016   301 220053614 22/12/2016 22/12/2016 Գրքեր / Books 30 Days Loan
        General Fundamental Scientific Library Fundamental Scientific Library 22/12/2016   301 220053615 22/12/2016 22/12/2016 Գրքեր / Books 30 Days Loan


ՀՀ ԳԱԱ հիմնարար գիտական գրադարան
ՀՀ,Երևան 0019
Մարշալ Բաղրամյան 24/6
հեռախոս:(374-10) 52-47-50
Հետադարձ կապ

All site content, except where otherwise noted, is licensed under a
Creative Commons License